Soil Chemistry nutrient & water mgt. in agricultural soil (Record no. 5069)

MARC details
000 -LEADER
fixed length control field 00421nam a22001697a 4500
005 - DATE AND TIME OF LATEST TRANSACTION
control field 20210908135029.0
008 - FIXED-LENGTH DATA ELEMENTS--GENERAL INFORMATION
fixed length control field 160701b xxu||||| |||| 00| 0 eng d
020 ## - INTERNATIONAL STANDARD BOOK NUMBER
ISBN 81-7888-570-6
041 ## - LANGUAGE CODE
Language code of text/sound track or separate title eng
082 ## - DEWEY DECIMAL CLASSIFICATION NUMBER
Item number 20387
100 ## - MAIN ENTRY--AUTHOR NAME
Personal name prasad, T V S
245 ## - TITLE STATEMENT
Title Soil Chemistry nutrient & water mgt. in agricultural soil
260 ## - PUBLICATION, DISTRIBUTION, ETC. (IMPRINT)
Name of publisher dominent
Year of publication 2009
300 ## - PHYSICAL DESCRIPTION
Number of Pages 311
650 ## - SUBJECT ADDED ENTRY--TOPICAL TERM
Topical Term Agriculture
942 ## - ADDED ENTRY ELEMENTS (KOHA)
Koha item type Books
Holdings
Lost status Damaged status Collection code Home library Current library Shelving location Date acquired Source of acquisition Cost, normal purchase price Full call number Accession Number Koha item type
    Reference JRU Library JRU Library SHELF-2-B 01/07/2016 PURCHASE 1195.00 631.43 20387 Books
    AGRICULTURE JRU Library JRU Library SHELF-45-H 01/07/2016   1195.00 20387 20388 Books
    AGRICULTURE JRU Library JRU Library SHELF-45-H 01/07/2016   1195.00 20387 20389 Books
    AGRICULTURE JRU Library JRU Library SHELF-45-H 01/07/2016   1195.00 20387 20390 Books
    AGRICULTURE JRU Library JRU Library SHELF-45-H 01/07/2016   1195.00 20387 20391 Books